| 000 | 00494nam a22002057a 4500 | ||
|---|---|---|---|
| 003 | CEME | ||
| 005 | 20210628202343.0 | ||
| 008 | 210115b xxu||||| |||| 00| 0 eng d | ||
| 020 | _a9789332542426 | ||
| 040 | _c. | ||
| 082 | _a515 WEI | ||
| 100 |
_aWeir, Maurice D _94506 |
||
| 245 | _aThomas calculus | ||
| 250 | _a12TH | ||
| 260 |
_aINDIA _bPEARSON EDUCATION _c2016 |
||
| 300 | _aXIII, 1126P | ||
| 650 |
_aCALCULUS. _9254 |
||
| 700 |
_aHASS, JOEL Hass, Joel _959508 |
||
| 942 |
_cBK _2ddc |
||
| 999 |
_c569470 _d569470 |
||